00245nam a2200097Ia 4500008004100000082000800041100002100049245005600070942000600126999001500132240331s9999 xx 000 0 und d bNEG aRupesinghe,K. ed 0aNegotiating peace in Sri Lanka :befforts,failures  cL c1393d1393